00533 2200181 4500245005500000020002200055250001100077100001500088700001300103700002300116650001900139005001900158260011900177041001400296084001200310300002000322336000900342 aZ Generation yang Berjiwa SosialcUnga UtarihText a978-602-437-533-1 aCet. 1 aUnga Utari aSulastri aNafi Isbadriantyas aCerita Anak In a20241104115847 aJakartabBadan Pengembangan dan Pembinaan Bahasa, Kementerian Pendidikan dan Kebudayaan, Republik Indonesia.c2018 aIndonesia a398.209 aviii :c83 hlm. atext